000 00332 a2200157 4500
001 59477
020 _a8502030043
040 _cAnchieta - Pituba
100 _aScholes, Jack
240 1 0 _aGuitar glory
_lIng
245 1 0 _aGuitar glory
300 _a32
362 0 _a1999
650 4 _aLiteratura juvenil em inglês
942 _cBK
999 _c59477
_d59477